00637nam a2200169Ia 4500008004000000020001800040082001500058100002300073245003700096260004300133300001300176650008500189690001300274906001200287999001900299952014900318210210b2000 xxu||||| |||| 00| 0 eng d a81 87495 25 1 a001.4 WASC aWASHID (Mohammad). aCreating outstanding term paper. aNDbAmexcel Publishers Pvt. Ltd.c2000 aviii,108 aTerm Paper writing Research Title Abstract References Manuscripts Present paper aResearch aSG03709 c114463d114463 001040708GeneralaALbALcGenerald2021-02-17eSita Book House, Mangalore.g0.00l0o001.4 WASCpSG03709r2021-02-17 00:00:00w2021-02-17ySG